Statistics for All Shawn Mendes Songs

Click here to take the quiz!

General Stats

  • This quiz has been taken 61 times
  • The average score is 23 of 78

Answer Stats

Answer% Correct
Handwritten (2015)Stitches
80%
Wonder (2020)Wonder
80%
Illuminate (2016)Mercy
73%
Illuminate (2016)Treat You Better
69%
Shawn Mendes (2018)In My Blood
65%
Illuminate Deluxe (2016)There's Nothing Holding Me Back
63%
Handwritten Deluxe (2015)Lost
61%
Handwritten (2015)Life of the Party
59%
Shawn Mendes (2018)Lost in Japan
59%
Illuminate Deluxe (2016)Roses
59%
Handwritten (2015)Never be Alone
53%
Wonder (2020)Monster
47%
Handwritten (2015)Aftertaste
45%
Illuminate (2016)Bad Reputation
45%
Illuminate (2016)Ruin
45%
Shawn Mendes Deluxe (2018)If I Can't Have You
43%
Shawn Mendes (2018)Queen
43%
Wonder (2020)Teach Me How to Love
41%
Wonder (2020)305
39%
Shawn Mendes (2018)Fallin' All in You
39%
Handwritten Deluxe (2015)Imagination
39%
Shawn Mendes (2018)Where Were You in the Morning?
39%
Shawn Mendes (2018)Why
39%
Wonder (2020)Intro
37%
Handwritten (2015)Kid in Love
37%
Wonder (2020)Look Up At the Stars
37%
The Shawn Mendes EP (2014)The Weight
37%
Shawn Mendes (2018)Nervous
35%
Handwritten (2015)A Little Too Much
33%
Wonder (2020)Higher
33%
Shawn Mendes (2018)Mutual
33%
Wonder (2020)24 Hours
31%
Illuminate (2016)Don't Be a Fool
31%
Wonder (2020)Call My Friends
29%
Handwritten Deluxe (2015)Memories
29%
Shawn Mendes (2018)Perfectly Wrong
29%
Handwritten (2015)Strings
29%
Wonder (2020)Always Been You
27%
Illuminate (2016)Like This
27%
Handwritten Deluxe (2015)Running Low
27%
Wonder (2020)Song for No One
27%
Illuminate (2016)Understand
27%
Handwritten Deluxe (2015)Bring it Back
25%
Wonder (2020)Dream
25%
Illuminate Deluxe (2016)Hold On
25%
Shawn Mendes (2018)When You're Ready
25%
Illuminate (2016)Honest
24%
Shawn Mendes (2018)Like to Be You
24%
Shawn Mendes (2018)Particular Taste
24%
Illuminate (2016)Patience
24%
Wonder (2020)Piece of You
24%
Illuminate (2016)Three Empty Words
24%
Handwritten Deluxe (2015)Act Like You Love Me
22%
Handwritten (2015)Crazy
22%
Handwritten (2015)I Don't Even Know Your Name
22%
Illuminate (2016)No Promises
22%
The Shawn Mendes EP (2014)Show You
22%
Illuminate (2016)Light On
20%
Handwritten (2015)Air (ft. Astrid)
16%
Wonder (2020)Can't Imagine
16%
Handwritten (2015)This is What it Takes
16%
Shawn Mendes (2018)Youth (ft. Khalid)
16%
Shawn Mendes Deluxe (2018)Señorita (ft. Camila Cabello)
14%
The Shawn Mendes EP (2014)One of Those Nights
12%
Handwritten Deluxe (2015)Don't Want Your Love
8%
Wonder Deluxe (2020)Can't Take My Eyes Off You
6%
Handwritten (2015)I Know What You Did Last Summer (ft. Camila Cabello)
4%
Wonder Deluxe (2020)The Christmas Song (ft. Camila Cabello)
4%
Shawn Mendes (2018)Because I Had You (ft. Julia Michaels)
2%
SinglesIt'll Be Okay (2021)
2%
SinglesWhat the Hell Are We Dying For? (2023)
2%
SinglesWhen You're Gone (2022)
2%
CollaborationBallin Flossin - Chance the Rapper ft. Shawn Mendes (2019)
0%
CollaborationKesi (Remix) - Camilo ft. Shawn Mendes (2021)
0%
CollaborationLover (Remix) - Taylor Swift ft. Shawn Mendes (2019)
0%
CollaborationOh Cecilia (Breaking My Heart) - The Vamps ft. Shawn Mendes (2014)
0%
Handwritten (2015)Somehting Big
0%
SinglesSummer of Love (ft. Tainy) (2021)
0%

Score Distribution

Percentile by Number Answered

Percent of People with Each Score

Your Score History

You have not taken this quiz